Trade unions and the labour market historical experience with individuale and collective bargaining

Saved in:
Bibliographic Details
Main Author: Fitzroy, F.R
Format: Book
Language:English
Published: Berlin Internationales Institut für Management und Verwaltung 1982
Series:Discussion Papers IIM/IP 82-5
Tags: Add Tag
No Tags, Be the first to tag this record!

MARC

LEADER 00000nam a2200000 4500
001 c114419
005 20181203150326.7
041 0 |a eng 
044 |a DE 
245 1 0 |a Trade unions and the labour market  |b historical experience with individuale and collective bargaining  |c F.R. Fitzroy 
264 1 |a Berlin  |b Internationales Institut für Management und Verwaltung  |c 1982 
300 |a 34 s. 
490 1 |a Discussion Papers  |v IIM/IP 82-5 
830 0 |a Discussion Papers  |v IIM/IP 82-5 
100 1 |a Fitzroy, F.R.